000 00560nam a2200241 a 4500
001 nice12345678
003 IN_TiNIC
005 20260116011804.0
008 050524s1947 agra grp 000 0 urd
020 _a
_c2.5
082 0 0 _a891.4391
_bSIM3
100 _aSimab, Akberabadi
245 _aKar-E-Imroz
260 _aAgra
_bMaktaba Qisrul Adab
_c1947
300 _a256p
500 _aincludes index and biblioraphy
505 2 _aNotes
650 _aUrdu-Poetry
700 1 _aSimab, Akberabadi
902 _bSRS
942 _cBK
999 _c3976
_d3976